| 000 | 02507cam a22004095i 4500 | ||
|---|---|---|---|
| 999 |
_c28492 _d28463 |
||
| 001 | ocn153580712 | ||
| 003 | EG-ScBUE | ||
| 005 | 20200716174938.0 | ||
| 008 | 070706t20072007ua a f 000 0 eng d | ||
| 020 | _a9774161084 (pbk.) | ||
| 020 | _a9789774161087 (pbk.) | ||
| 035 | _a(OCoLC)ocn153580712 | ||
| 040 |
_aYDXCP _beng _erda _cYDXCP _dBTCTA _dBAKER _dWEL _dOCLCQ _dBWX _dLEILA _dPAU _dEG-ScBUE |
||
| 041 | 0 |
_aara _aeng |
|
| 043 | _ama----- | ||
| 082 | 0 | 4 |
_a492.78242 _bELG _222 |
| 100 | 1 |
_aElgibali, Alaa, _eauthor. |
|
| 245 | 1 | 0 |
_aMedia Arabic : _ba coursebook for reading Arabic news = لغة وسائل الإعلام العربية / _cAlaa Elgibali, Nevenka Korica. |
| 246 | 3 | 1 | _aلغة وسائل الإعلام العربية |
| 264 | 1 |
_aCairo ; _aNew York : _bAmerican University in Cairo Press, _c[2007] |
|
| 264 | 4 | _cc2007 | |
| 300 |
_aviii, 221 pages : _billustrations ; _c23 cm |
||
| 336 |
_atext _btxt _2rdacontent |
||
| 337 |
_aunmediated _bn _2rdamedia |
||
| 338 |
_avolume _bnc _2rdacarrier |
||
| 500 | _aText reads right to left. | ||
| 520 | _a"In light of the rapidly growing number of people studying Arabic - in academia, governments, NGOs, and business - Media Arabic is a unique and timely learning tool for anyone looking to access news information from the Arab world first hand. Media Arabic introduces the language of newspapers, magazines, and Internet news sites to intermediate- and advanced-level students of Modern Standard Arabic. Using this coursebook, students will be able to master core vocabulary and structures typical of front-page news, recognize various methods of coverage, distinguish fact from opinion, detect bias, and read critically in Arabic." "The book enables students to read extended texts with greater accuracy and speed by focusing on the relationships among meaning, linguistic form, and discourse markers. Activities include pre-reading discussions as well as extensive practice on vocabulary use in context, organizing information, skimming, scanning, critical reading, and analyzing content."--Jacket. | ||
| 546 | _aText in Arabic and English. | ||
| 650 | 7 |
_aArabic language _vTextbooks for foreign speakers _xEnglish. _2BUEsh |
|
| 650 | 7 |
_aArabic language _xComposition and exercises. _2BUEsh |
|
| 650 | 7 |
_aArabic language _xBusiness Arabic. _2BUEsh |
|
| 650 | 7 |
_aMass media and language _zArab countries. _2BUEsh |
|
| 653 |
_bCOMAME _cJuly2020 |
||
| 655 |
_vReading book _934232 |
||
| 700 | 1 |
_aKorica, Nevenka, _eauthor. |
|
| 942 |
_2ddc _cBB |
||